Predicating property crimes in railways: A case of Bihar rail network (Record no. 525723)

000 -LEADER
fixed length control field 01005nam a22001577a 4500
008 - FIXED-LENGTH DATA ELEMENTS--GENERAL INFORMATION
fixed length control field 240408b ||||| |||| 00| 0 eng d
100 ## - MAIN ENTRY--PERSONAL NAME
Personal name Naik, M.R. and Kumar, Rohit
245 ## - TITLE STATEMENT
Title Predicating property crimes in railways: A case of Bihar rail network
260 ## - PUBLICATION, DISTRIBUTION, ETC. (IMPRINT)
Place of publication, distribution, etc The Indian Police Journal
300 ## - PHYSICAL DESCRIPTION
Extent 69(3), Jul-Sep, 2022: p.12-25
520 ## - SUMMARY, ETC.
Summary, etc Numerous policing outfits across the globe are adopting predictive policing to contain different types of crime. Indian police forces are also using predictive policing in various areas, except railways. This study is an attempt to showcase the usage of predictive policing tools in Indian railways by implementing it to predict property crimes in Bihar rail network. – Reproduced
650 ## - SUBJECT ADDED ENTRY--TOPICAL TERM
Topical term or geographic name as entry element Policing Outfits, Predictive Policing, Crime, Indian Police Forces, Railways, Indian Railways, Predictive Policing Tools, Property Crimes, Bihar Rail Network
9 (RLIN) 51585
773 ## - HOST ITEM ENTRY
Main entry heading The Indian Police Journal
906 ## - LOCAL DATA ELEMENT F, LDF (RLIN)
Subject DIP CRIMES
942 ## - ADDED ENTRY ELEMENTS (KOHA)
Item type Articles
Holdings
Withdrawn status Lost status Source of classification or shelving scheme Damaged status Not for loan Permanent location Current location Date acquired Serial Enumeration / chronology Barcode Date last seen Koha item type
          Indian Institute of Public Administration Indian Institute of Public Administration 2024-04-08 69(3), Jul-Sep, 2022: p.12-25 AR131515 2024-04-08 Articles

Powered by Koha